Juan Bravo Murillo : (Record no. 193582)

MARC details
000 -LEADER
campo de control de longitud fija 03747nam a2200433 i 4500
001 - NÚMERO DE CONTROL
campo de control 193582
003 - IDENTIFICADOR DE NÚMERO DE CONTROL
campo de control ES-MaACL
005 - FECHA Y HORA DE LA ÚLTIMA TRANSACCIÓN
campo de control 20260216183913.0
007 - CAMPO FIJO DE DESCRIPCIÓN FÍSICA--INFORMACIÓN GENERAL
campo de control de longitud fija ta
008 - DATOS DE LONGITUD FIJA--INFORMACIÓN GENERAL
campo de control de longitud fija 230727s2023 sp r 000 0bspa d
017 ## - NÚMERO DE COPYRIGHT O DE DEPÓSITO LEGAL
Número de copyright o de depósito legal CC 0114-2023,
Agencia que asigna Oficina Depósito Legal Cáceres
020 ## - NÚMERO INTERNACIONAL ESTÁNDAR DEL LIBRO
Número Internacional Estándar del Libro 9788412725025
040 ## - FUENTE DE CATALOGACIÓN
Centro catalogador/agencia de origen ES-ScU
Lengua de catalogación glg
Normas de descripción rda
Centro/agencia transcriptor ES-ScU
080 ## - NÚMERO DE LA CLASIFICACIÓN DECIMAL UNIVERSAL
Número de la Clasificación Decimal Universal 32(460)"18": 929 Bravo Murillo, Juan
080 ## - NÚMERO DE LA CLASIFICACIÓN DECIMAL UNIVERSAL
Número de la Clasificación Decimal Universal 929 Bravo Murillo, Juan:32(460)"18"
100 1# - ENTRADA PRINCIPAL--NOMBRE DE PERSONA
Nombre de persona Ramos Rubio, José Antonio,
Fechas asociadas al nombre 1963-
Término indicativo de función/relación Autor
9 (RLIN) 174430
245 10 - MENCIÓN DEL TÍTULO
Título Juan Bravo Murillo :
Resto del título el estadista extremeño impulsor del desarrollo nacional /
Mención de responsabilidad, etc. José Antonio Ramos Rubio, José Luis Pérez Mena
264 #1 - PRODUCCIÓN, PUBLICACIÓN, DISTRIBUCIÓN, FABRICACIÓN Y COPYRIGHT
Producción, publicación, distribución, fabricación y copyright Cáceres :
Nombre del de productor, editor, distribuidor, fabricante Tau Editores,
Fecha de producción, publicación, distribución, fabricación o copyright [2023]
300 ## - DESCRIPCIÓN FÍSICA
Extensión 278 páginas :
Otras características físicas ilustraciones (blanco y negro) ;
Dimensiones 23 cm
336 ## - TIPO DE CONTENIDO
Término de tipo de contenido Texto
Código de tipo de contenido txt
Fuente rdacontent
337 ## - TIPO DE MEDIO
Nombre/término del tipo de medio sin mediación
Código del tipo de medio n
Fuente rdamedia
338 ## - TIPO DE SOPORTE
Nombre/término del tipo de soporte volumen
Código del tipo de soporte nc
Fuente rdacarrier
490 0# - MENCIÓN DE SERIE
Mención de serie Reflexiones liberales
Designación de volumen o secuencia ; 5
500 ## - NOTA GENERAL
Nota general Índice
500 ## - NOTA GENERAL
Nota general Apéndice documental
504 ## - NOTA DE BIBLIOGRAFÍA, ETC.
Nota de bibliografía, etc. Bibliografía: páginas 151-164
520 ## - RESUMEN, ETC.
Sumario, etc. El extremeño Juan Bravo Murillo fue un destacado jurisconsulto, además de un excelente escritor, tiene en su haber ocho libros y fundó siete revistas de contenido jurídico y político, ocupó diferentes cargos políticos durante el reinado de Isabel II. Durante la Década moderada destaca su participación al frente de diferentes carteras ministeriales, como Justicia, Fomento o Hacienda; sobresaliendo sobre todos sus cargos políticos su etapa como Presidente del Consejo de Ministros (1851-1852). Tras la llegada del partido progresista al poder en 1854 con la revolución propiciada por el general O'Donnell, Bravo Murillo sería apartado de la primera línea de la política nacional, destacando solo su papel, durante los primeros años de gobierno de la Unión Liberal, como Presidente del Congreso de los Diputados en 1858. Fue un auténtico renovador de la política española, hombre de gran imaginación y sabiduría, líder destacado del partido moderado, supo denunciar la corrupción política y social, consiguiendo reformar la administración del Estado e iniciando obras de ingeniería importantes como las del Canal de Isabel II, la regularización de las Obras Públicas como los Puertos Francos de Canarias y consiguió dividir el territorio nacional en seis partes desde las cuales se supervisaba el buen uso de los fondos públicos para la realización de las obras. Durante su mandato se finalizaron las obras de las carreteras de Madrid a Badajoz, de Madrid a Valencia y Vigo y la de Soria a Navarra. A la vez inició la obra de la carretera de Salamanca a Huelva, que cruzaba de norte a sur la región extremeña. El impulso que dio al ferrocarril iniciando la explotación ferroviaria e implantó en 1849 en España de manera oficial el sistema métrico decimal, que ya se había adaptado en muchos otros países y que unificaba todos los sistemas utilizados hasta la época en uno solo.
600 14 - PUNTO DE ACCESO ADICIONAL DE MATERIA--NOMBRE DE PERSONA
Nombre de persona Bravo Murillo, Juan,
Fechas asociadas al nombre 1803-1873
9 (RLIN) 31496
700 1# - ENTRADA AGREGADA--NOMBRE PERSONAL
Nombre de persona Pérez Mena, José Luis,
9 (RLIN) 234891
Fechas asociadas al nombre 1962-
Término indicativo de función/relación Autor
830 ## - PUNTO DE ACCESO ADICIONAL DE SERIE-TÍTULO UNIFORME
Título uniforme Reflexiones liberales
9 (RLIN) 234893
852 ## - LOCALIZACIÓN
Ubicación ES-MaACL
Sublocalización o colección R. 154929
Ubicación en estantería Depósito J
Número de control de estantería N-9590
Donativo/Legado Donación: José Antonio Ramos Rubio y José Luis Pérez Mena
itemnumber 201045
Encuadernación Encuadernación rústica con solapas
903 ## - NOMBRE PERSONAL DE DONANTE
a Ramos Rubio, José Antonio,
d 1963-
e Donante
9 174430
903 ## - NOMBRE PERSONAL DE DONANTE
9 234891
a Pérez Mena, José Luis,
d 1962-
e Donante
942 ## - ELEMENTOS DE ENTRADA SECUNDARIOS (KOHA)
Suprimir en OPAC No
Tipo de ítem Koha Libro impreso
Holdings
Estatus retirado Estado de pérdida Fuente del sistema de clasificación o colocación Estado de daño No para préstamo Biblioteca de origen Biblioteca actual Ubicación en estantería Fecha de adquisición Fuente de adquisición Total de préstamos Signatura topográfica completa Código de barras Visto por última vez Tipo de ítem Koha
    Clasificación decimal universal     Biblioteca del Ateneo de Madrid Biblioteca del Ateneo de Madrid Depósito J 16/01/2024 Donación   N-9590 101206323 16/01/2024 Libro impreso